| 000 | 00581cam a2200217 4500 | ||
|---|---|---|---|
| 008 | 090401t1995 xxu||||| |||| 00| 0 eng d | ||
| 020 | _a0333623185 | ||
| 035 | _a(Sirsi) u1083 | ||
| 041 | _aeng | ||
| 050 | _a657.42 | ||
| 100 | _aStorey, Roger | ||
| 245 | _aIntroduction to cost and management accounting. | ||
| 260 |
_aBasingstoke _bMacMillan Press _c1995 |
||
| 300 | _axiii581p. ; 24cm. | ||
| 350 | _a14.99 | ||
| 650 | _aCOST ACCOUNTING | ||
| 650 | _aMANAGEMENT ACCOUNTING | ||
| 690 | _aPROPERTY-PROPERTY FINANCE AND INVESTMENT | ||
| 942 | _n0 | ||
| 948 | _c04/03/1997 | ||
| 999 |
_c85627 _d85627 |
||